Socialismo y capitalismo comparados

Guardat en:
Dades bibliogràfiques
Autor principal: Pigou, Arthur Cecil (Autor)
Format: Llibre
Idioma:espanyol
Publicat: Barcelona Eds. Ariel 1971
Matèries:
Etiquetes: Afegir etiqueta
Sense etiquetes, Sigues el primer a etiquetar aquest registre!

MARC

LEADER 00000nam a2200000 a 4500
001 UCW7853
003 CL-VaPUC
008 930922e19710000SP |||||||||||||||||spa|d
082 0 4 |a 320.531  |b PIG  |2 21 
100 0 |a Pigou, Arthur Cecil  |e author  |9 313066 
245 1 0 |a Socialismo y capitalismo comparados 
300 |a 192 p 
942 |c BK 
945 |d 19930922 00:00:00 
260 |a Barcelona  |b Eds. Ariel  |c 1971 
650 0 |a Socialismo  |9 255260 
650 0 |a Capitalismo  |9 255255 
583 |a last modification  |c 19930922 00:00:00  |k Rodrigo Vera 
999 |c 220495  |d 220493 
952 |0 0  |1 0  |4 0  |6 320_531000000000000_PIG_1971  |7 0  |8 P  |9 212805  |a BIBEDU  |b BIBEDU  |c BIBEDU_PB  |d 2019-11-15  |i 2809796  |o 320.531 PIG 1971  |p 2809796  |r 2024-01-25  |w 2019-11-15  |y BK  |k EDU